Normal view
MARC view
- البيضاوي، عبد الله بن عمر بن محمد، ت. 685 هـ
Entry Personal Name
001 - CONTROL NUMBER
- control field: 56333
003 - CONTROL NUMBER IDENTIFIER
- control field: JO-AjAnu
005 - DATE AND TIME OF LATEST TRANSACTION
- control field: 20230606083231.0
008 - FIXED-LENGTH DATA ELEMENTS
- fixed length control field: 230606|| aca||aabn | a|a d
040 ## - CATALOGING SOURCE
- Original cataloging agency: JO-AjAnu
- Transcribing agency: JO-AjAnu
100 ## - HEADING--PERSONAL NAME
- Personal name: البيضاوي، عبد الله بن عمر بن محمد، ت. 685 هـ
670 ## - SOURCE DATA FOUND
- Source citation: Work cat.: (JO-AjAnu)28747: البيضاوي، عبد الله بن عمر بن محمد، ت. 685 هـ, author, تفسير البيضاوي، المسمى، أنوار التنزيل وأسرار التأويل